书目信息 |
| 题名: |
当代大学生创造与创业
|
|
| 作者: | 许延浪 主编 | |
| 分册: | ||
| 出版信息: | 西安 西北工业大学出版社 2009 |
|
| 页数: | 295页 | |
| 开本: | 23cm | |
| 丛书名: | ||
| 单 册: | ||
| 中图分类: | G640 , G647.38 | |
| 科图分类: | ||
| 主题词: | 大学生--创造力--能力培养 , 大学生--职业选择 | |
| 电子资源: | ||
| ISBN: | 978-7-5612-2696-4 | |
| 000 | 01028nam0 2200265 45 | |
| 001 | 1138519828 | |
| 005 | 20110419095300.48 | |
| 010 | @a978-7-5612-2696-4@dCNY28.00 | |
| 100 | @a20110409d2009 em y0chiy0110 ea | |
| 101 | 0 | @achi |
| 102 | @aCN@b610000 | |
| 105 | @ay z 000yy | |
| 106 | @ar | |
| 200 | 1 | @a当代大学生创造与创业@ADang Dai Da Xue Sheng Chuang Zao Yu Chuang Ye@f许延浪主编@FXu Yan Lang Zhu Bian |
| 210 | @a西安@c西北工业大学出版社@d2009 | |
| 215 | @a295页@d23cm | |
| 300 | @a高等学校“十一五”规划教材 | |
| 330 | @a《当代大学生创造与创业》从理论和实践两个方面介绍了创造学与创业学的基本原理。在此基础上,结合生动的案例阐述了创造力、创造性思维、创造技法、计算机创意设计、创业、网络创业、知识产权与创造成果保护(含专利申请)等知识,同时配有创造与创业成功者激动人心的励志故事。 | |
| 606 | 0 | @a大学生@x创造力@x能力培养 |
| 606 | 0 | @a大学生@x职业选择 |
| 690 | @aG640@v4 | |
| 690 | @aG647.38@v4 | |
| 701 | 0 | @a许延浪@AXu Yan Lang@4主编 |
| 801 | 0 | @aCN@bTANGWEI@c20110419 |
| 905 | @b0536503-07@dG640@e533@f5 | |
| 当代大学生创造与创业/许延浪主编.-西安:西北工业大学出版社,2009 |
| 295页;23cm |
| 高等学校“十一五”规划教材 |
| ISBN 978-7-5612-2696-4:CNY28.00 |
| 《当代大学生创造与创业》从理论和实践两个方面介绍了创造学与创业学的基本原理。在此基础上,结合生动的案例阐述了创造力、创造性思维、创造技法、计算机创意设计、创业、网络创业、知识产权与创造成果保护(含专利申请)等知识,同时配有创造与创业成功者激动人心的励志故事。 |
| ● |
| 相关链接 |
|
|
|
|
正题名:当代大学生创造与创业
索取号:G640/533
 
预约/预借
| 序号 | 登录号 | 条形码 | 馆藏地/架位号 | 状态 | 备注 |
| 1 | 0536503 | 205365031 | 第一样本阅览室/ [索取号:G640/533] | 在馆 | |
| 2 | 0536504 | 205365040 | 教育系资料室/ [索取号:G640/533] | 在馆 | |
| 3 | 0536505 | 205365059 | 第四借阅区/ [索取号:G640/533] | 在馆 | |
| 4 | 0536506 | 205365068 | 第四借阅区/ [索取号:G640/533] | 在馆 | |
| 5 | 0536507 | 205365077 | 第四借阅区/ [索取号:G640/533] | 在馆 |